000 00354cam a22001337a 4500
008 180718b1948 xxu||||| |||| 00| 0 eng d
082 _aA99 P686/L576
100 _aLever, Tresham
245 _aHouse of Pitt: a family chronicle
_cby Tresham Lever
260 _aLondon
_bMurrey
_c1948
300 _a378p.
650 _aUK - History
650 _aPitt Family
999 _c372202
_d372202